| 000 | 00342nam a2200133Ia 4500 | ||
|---|---|---|---|
| 008 | 191201s2010 xx 000 0 und d | ||
| 100 | _aSAHDEV, S.K | ||
| 245 | 0 | _aFundamental of Electrical Engineering & Electronics | |
| 250 | _aRep | ||
| 260 |
_c2010 _bDhanpat Rai Pub (P) Ltd _aN.Delhi |
||
| 300 | _aMISC | ||
| 650 | _aECE | ||
| 942 |
_2ddc _cBB |
||
| 999 |
_c7444 _d7444 |
||